000 00286nam a22001337a 4500
008 170717b xxu||||| |||| 00| 0 eng d
020 _a9780394571423
041 _aeng
080 _a821
100 _a21
101 _aGJL
245 _aA WRITER'S AMERICA
_cKAZIN, A
942 _2udc
_cBK
999 _c21365
_d21365